| 000 | 00404nam a2200121Ia 4500 | ||
|---|---|---|---|
| 008 | 150223s9999 xx 000 0 und d | ||
| 020 | _a9788184950281 | ||
| 050 |
_aCD 11760 _b.X3 2009 |
||
| 100 | _aXavier, G. Francis. | ||
| 245 |
_a101 Inspring stories : _bprinciples for successful living / _cG. Francis Xavier. |
||
| 260 |
_aMumbai, India: _bJaico Publishing House, _c2009 |
||
| 300 |
_a188 pages : _c22 cm. |
||
| 999 |
_c283326 _d283326 |
||